Czech Republic National Football Team - Statistics

General Stats
  • This quiz has been taken 610 times
    106 since last reset
  • The average score is 7 of 15
Answer Stats
Goals Caps Player % Correct
0 124 Petr Čech
91%
24 50 Patrik Schick
78%
18 91 Pavel Nedvěd
78%
55 91 Jan Koller
74%
23 105 Tomáš Rosický
72%
15 87 Tomáš Souček
70%
41 93 Milan Baroš
57%
27 81 Vladimír Šmicer
51%
8 118 Karel Poborský
43%
7 103 Jaroslav Plašil
29%
29 87 Pavel Kuka
17%
31 90 Zdeněk Nehoda
7%
35 61 Antonín Puč
4%
29 44 Oldřich Nejedlý
4%
28 50 Josef Silný
2%
No matching quizzes found
Score Distribution
Percent of People with Each Score
Percentile by Number Answered
Your Score History
You have not taken this quiz since the last reset